Regola Costruzione Generali Rituale Dell'ordine francescano secolare
שמור ב:
| פורמט: | ספר |
|---|---|
| שפה: | שפה לא ידועה |
| יצא לאור: |
Imprimenda
|
| תגים: |
אין תגיות, היה/י הראשונ/ה לתייג את הרשומה!
|
MARC
| LEADER | 00000nam a2200000Ia 4500 | ||
|---|---|---|---|
| 001 | R-92 | ||
| 003 | CODICE-MESSINA | ||
| 005 | 20260212102446.0 | ||
| 008 | 260211s9999 xx 000 0 und d | ||
| 040 | |c importazione_messina | ||
| 245 | 0 | |a Regola Costruzione Generali Rituale | |
| 245 | 0 | |b Dell'ordine francescano secolare | |
| 260 | |b Imprimenda | ||
| 942 | |2 ddc |c BK | ||
| 952 | |0 0 |1 0 |2 ddc |4 0 |6 SCAFFALE_1_000000000000000__RELIGIONE |7 0 |9 30909 |a ME |b ME |d 2026-02-11 |l 0 |o SCAFFALE 1 - RELIGIONE |p R-92 |r 2026-02-11 23:52:12 |w 2026-02-11 |x [REVISIONARE] |y BK | ||
| 999 | |c 26573 |d 26573 | ||